[Event "Wch U20 Girls 37th"]
[Site "New Delhi"]
[Date "2019.10.23"]
[Round "9"]
[White "Kairbekova, Amina"]
[Black "Ananya, Suresh"]
[Result "1/2-1/2"]
[WhiteElo "2096"]
[BlackElo "1896"]
[PlyCount "123"]
[EventDate "2019.10.15"]
[EventType "swiss"]
[EventRounds "11"]
[EventCountry "IND"]
[SourceTitle "CBM 192 Extra"]
[Source "Chessbase"]
[SourceDate "2019.11.06"]
[SourceVersion "1"]
[SourceVersionDate "2019.11.06"]
[SourceQuality "1"]

1. e4 c5 2. Nf3 d6 3. d4 cxd4 4. Nxd4 a6 5. c4 Nf6 6. Nc3 e6 7. Be2 Be7 8. Be3 Qc7 9. 0-0 b6 10. f3 Bb7 11. Qd2 Nbd7 12. a4 0-0 13. a5 bxa5 14. Nb3 Nb6 15. Nxa5 d5 16. cxd5 exd5 17. Rfc1 Nc4 18. Nxd5 Bxd5 19. Nxc4 Bxc4 20. Bxc4 Qb7 21. b3 Bb4 22. Qe2 a5 23. Bd4 Qe7 24. e5 Rfd8 25. Bc3 Bxc3 26. Rxc3 Nd5 27. Bxd5 Rxd5 28. Rac1 Rad8 29. Rc8 h6 30. f4 Qa7+ 31. Kh1 Qb7 32. Rxd8+ Rxd8 33. Qe3 Qd5 34. h3 Rb8 35. Rc3 Rb4 36. Kh2 Kh7 37. Qg3 Qe4 38. Rf3 Qf5 39. Qf2 h5 40. Qh4 g6 41. Qf2 Kg7 42. g3 a4 43. bxa4 Rxa4 44. Qg2 Rc4 45. g4 hxg4 46. hxg4 Qe4 47. Qg3 g5 48. f5 Qxg4 49. f6+ Kg8 50. Qxg4 Re4 51. Rf5 Rxg4 52. Rf3 Kf8 53. Rf1 Re4 54. Rf5 Rg4 55. Kh3 Rg1 56. Rf2 Re1 57. Ra2 Rxe5 58. Ra8+ Re8 59. Ra5 Re6 60. Ra8+ Re8 61. Ra5 Re6 62. Ra8+ 1/2-1/2

[Event "Wch U20 Girls 37th"]
[Site "New Delhi"]
[Date "2019.10.16"]
[Round "2"]
[White "Ananya, Suresh"]
[Black "Djuric, Anja"]
[Result "1-0"]
[WhiteElo "1896"]
[BlackElo "1493"]
[PlyCount "159"]
[EventDate "2019.10.15"]
[EventType "swiss"]
[EventRounds "11"]
[EventCountry "IND"]
[SourceTitle "CBM 192 Extra"]
[Source "Chessbase"]
[SourceDate "2019.11.06"]
[SourceVersion "1"]
[SourceVersionDate "2019.11.06"]
[SourceQuality "1"]

1. e4 c6 2. d4 d5 3. Nd2 dxe4 4. Nxe4 Bf5 5. Ng3 Bg6 6. h4 h5 7. Nf3 e6 8. Bd3 Bxd3 9. Qxd3 Nf6 10. Bd2 Nbd7 11. 0-0-0 Qc7 12. Ne4 0-0-0 13. Neg5 Nc5 14. Qe2 Na4 15. Qc4 b5 16. Qb3 Bd6 17. g3 Ng4 18. Rhf1 Rhf8 19. c4 e5 20. c5 Be7 21. Nxf7 Rd5 22. N7xe5 Nxe5 23. Nxe5 Nxc5 24. Qe3 Ne6 25. Ng6 Rf6 26. Nxe7+ Qxe7 27. Qe4 Qd7 28. Be3 Rf8 29. Rd2 Re8 30. Qc2 Kb7 31. Rfd1 Rd8 32. Kb1 a6 33. Qc3 Rc8 34. Rd3 Kb6 35. f3 Kb7 36. Bf2 Qf7 37. Qe1 Qf5 38. Qe4 Rcd8 39. Re1 Nc7 40. Qxf5 Rxf5 41. Re7 g6 42. Rg7 Rf6 43. Be1 Kc8 44. Ba5 Rd7 45. Rxd7 Kxd7 46. Bxc7 Kxc7 47. Kc2 Kd6 48. Re3 Kd5 49. Kd3 a5 50. Re5+ Kd6 51. Ke4 Rf8 52. f4 Rg8 53. Kf3 a4 54. f5 g5 55. hxg5 Rxg5 56. f6 Rg8 57. Rxh5 Rf8 58. Rf5 Ke6 59. g4 Kf7 60. g5 Kg6 61. Rc5 Rd8 62. Rxc6 Rxd4 63. Rc7 Kxg5 64. f7 Rf4+ 65. Ke3 Rf6 66. Kd4 Kg6 67. Rc6 Kxf7 68. Rxf6+ Kxf6 69. Kc5 a3 70. b3 Ke5 71. Kxb5 Kd6 72. Kb4 Kc6 73. Kxa3 Kb5 74. Kb2 Ka5 75. Kc3 Kb5 76. a4+ Ka5 77. Kc4 Ka6 78. Kc5 Kb7 79. Kb5 Ka7 80. Kc6 1-0

[Event "IND-ch U19 Girls 46th"]
[Site "Rajahmundry"]
[Date "2016.10.12"]
[Round "6"]
[White "Ananya, Suresh"]
[Black "Jishitha, D."]
[Result "0-1"]
[WhiteElo "1946"]
[BlackElo "1884"]
[PlyCount "104"]
[EventDate "2016.10.08"]
[EventType "swiss"]
[EventRounds "11"]
[EventCountry "IND"]
[SourceTitle "CBM 175 Extra"]
[Source "ChessBase"]
[SourceDate "2016.12.12"]
[SourceVersion "1"]
[SourceVersionDate "2016.12.12"]
[SourceQuality "1"]

1. e4 c5 2. Nf3 e6 3. d3 d5 4. Nbd2 Nc6 5. g3 Nf6 6. Bg2 Be7 7. 0-0 0-0 8. e5 Nd7 9. Re1 Qc7 10. Qe2 b5 11. Nf1 c4 12. d4 b4 13. c3 a5 14. h4 Ba6 15. N1h2 a4 16. a3 bxc3 17. bxc3 Rab8 18. Ng5 Rb3 19. Qc2 Bxg5 20. Bxg5 Rfb8 21. Ng4 Qa5 22. Re3 Qb6 23. Ree1 Qa5 24. Re3 Rb2 25. Qd1 Qb6 26. Re1 Qb3 27. Qf3 Qc2 28. Rac1 Qd3 29. Ne3 Rb1 30. Bf1 Rxc1 31. Rxc1 Qg6 32. Nxc4 Bxc4 33. Bxc4 Ncxe5 34. dxe5 dxc4 35. Rd1 Nxe5 36. Qb7 Rf8 37. Be7 Re8 38. Bd6 Qg4 39. Rb1 Nf3+ 40. Kg2 Nxh4+ 41. Kf1 Nf5 42. Bc5 Qg6 43. g4 Nh4 44. Qb8 f5 45. Bd6 h5 46. Qb5 fxg4 47. Rd1 Nf5 48. Qxa4 g3 49. Qxc4 gxf2 50. Kxf2 Nxd6 51. Rxd6 Rf8+ 52. Ke2 Qg2+ 0-1

[Event "IND-ch U19 Girls 46th"]
[Site "Rajahmundry"]
[Date "2016.10.11"]
[Round "5"]
[White "Priyamvada, Karamcheti"]
[Black "Ananya, Suresh"]
[Result "1/2-1/2"]
[WhiteElo "1756"]
[BlackElo "1946"]
[PlyCount "72"]
[EventDate "2016.10.08"]
[EventType "swiss"]
[EventRounds "11"]
[EventCountry "IND"]
[SourceTitle "CBM 175 Extra"]
[Source "ChessBase"]
[SourceDate "2016.12.12"]
[SourceVersion "1"]
[SourceVersionDate "2016.12.12"]
[SourceQuality "1"]

1. d4 g6 2. c4 Nf6 3. Nc3 Bg7 4. e4 d6 5. Be2 0-0 6. Bg5 h6 7. Be3 e5 8. d5 a6 9. Qd2 Kh7 10. h4 Ng4 11. Bxg4 Bxg4 12. h5 g5 13. f3 Bd7 14. g4 b5 15. c5 dxc5 16. Bxc5 Re8 17. Nh3 a5 18. Be3 b4 19. Ne2 Bf6 20. 0-0 Bb5 21. Rfd1 Nd7 22. Ng3 Be7 23. Kg2 Bc5 24. Rac1 Bd6 25. Nf5 f6 26. Nf2 Nb6 27. b3 Nc8 28. Rc2 Ne7 29. Nxe7 Rxe7 30. Bc5 Qb8 31. Rdc1 Be8 32. Nd3 Bb5 33. Nb2 Qd8 34. Nd1 Rd7 35. Ne3 Qb8 36. Kg3 Qb7 1/2-1/2

[Event "IND-ch U19 Girls 46th"]
[Site "Rajahmundry"]
[Date "2016.10.08"]
[Round "1"]
[White "Alekhya, B."]
[Black "Ananya, Suresh"]
[Result "0-1"]
[WhiteElo "1393"]
[BlackElo "1946"]
[PlyCount "56"]
[EventDate "2016.10.08"]
[EventType "swiss"]
[EventRounds "11"]
[EventCountry "IND"]
[SourceTitle "CBM 175 Extra"]
[Source "ChessBase"]
[SourceDate "2016.12.12"]
[SourceVersion "1"]
[SourceVersionDate "2016.12.12"]
[SourceQuality "1"]

1. e4 g6 2. d4 d6 3. Nc3 Bg7 4. Be3 Nf6 5. Qd2 c6 6. f3 Nbd7 7. 0-0-0 0-0 8. a3 a5 9. h4 b5 10. Nb1 Nb6 11. g4 Nc4 12. Bxc4 bxc4 13. Nc3 Rb8 14. Na4 Bd7 15. Ne2 c5 16. g5 Nh5 17. Nec3 Qe8 18. b3 cxb3 19. cxb3 Rxb3 20. Nb2 Rxa3 21. Nb1 Rb3 22. Rh2 Qa8 23. Qf2 cxd4 24. Bxd4 Rc8+ 25. Kd2 Rxb2+ 26. Bxb2 Bxb2 27. Ke1 Be5 28. Rg2 Nf4 0-1

[Event "IND-ch Challengers (Women) 43rd"]
[Site "Chennai"]
[Date "2016.06.24"]
[Round "10"]
[White "Ananya, Suresh"]
[Black "Aasha, CR."]
[Result "1-0"]
[WhiteElo "1966"]
[BlackElo "1772"]
[PlyCount "98"]
[EventDate "2016.06.17"]
[EventType "swiss"]
[EventRounds "11"]
[EventCountry "IND"]
[SourceTitle "CBM 173 Extra"]
[Source "ChessBase"]
[SourceDate "2016.08.29"]
[SourceVersion "1"]
[SourceVersionDate "2016.08.29"]
[SourceQuality "1"]

1. e4 c5 2. Nc3 Nc6 3. g3 g6 4. Bg2 Bg7 5. d3 d6 6. Be3 e6 7. Qd2 Rb8 8. Nf3 Nge7 9. Bh6 0-0 10. h4 d5 11. h5 f6 12. hxg6 hxg6 13. Bxg7 Kxg7 14. exd5 exd5 15. Qh6+ Kf7 16. 0-0-0 Be6 17. Qf4 Ke8 18. Rde1 g5 19. Nxg5 fxg5 20. Qxg5 Kd7 21. Rh7 Rf5 22. Qh6 Nd4 23. Rxe6 Nxe6 24. Nxd5 Rxd5 25. Bxd5 Qb6 26. Qh3 Rf8 27. f4 c4 28. dxc4 Qe3+ 29. Kd1 Qd4+ 30. Ke2 Rf6 31. c3 Qb6 32. b4 Qa6 33. Ke3 Qxa2 34. Qh4 Nf8 35. Qxf6 Nxh7 36. Qe6+ Ke8 37. Qf7+ Kd8 38. Qxh7 Qa1 39. Qd3 Qg1+ 40. Kf3 Ke8 41. Be6 Qh1+ 42. Kg4 Qc6 43. f5 a6 44. Qd4 b5 45. Qh8+ Ng8 46. Qxg8+ Ke7 47. Qf7+ Kd6 48. Qf8+ Kc7 49. Qc8+ Kd6 1-0

[Event "IND-ch Challengers (Women) 43rd"]
[Site "Chennai"]
[Date "2016.06.20"]
[Round "6"]
[White "Ananya, Suresh"]
[Black "Ankitha, Goud Palle"]
[Result "1/2-1/2"]
[WhiteElo "1966"]
[BlackElo "1741"]
[PlyCount "49"]
[EventDate "2016.06.17"]
[EventType "swiss"]
[EventRounds "11"]
[EventCountry "IND"]
[SourceTitle "CBM 173 Extra"]
[Source "ChessBase"]
[SourceDate "2016.08.29"]
[SourceVersion "1"]
[SourceVersionDate "2016.08.29"]
[SourceQuality "1"]

1. e4 e6 2. d4 d5 3. Nc3 Bb4 4. e5 c5 5. a3 Bxc3+ 6. bxc3 Qa5 7. Bd2 Qa4 8. Qb1 c4 9. f4 Nc6 10. Be2 Nge7 11. Nf3 Bd7 12. 0-0 0-0-0 13. Ra2 f6 14. Qe1 Rdf8 15. Nh4 f5 16. Qf2 Rfg8 17. Rb1 h6 18. Nf3 g6 19. Rab2 b6 20. Ra1 Rg7 21. Qh4 Rgg8 22. Qf2 Rg7 23. Qh4 Rgg8 24. Qf2 Rg7 25. Qh4 1/2-1/2

[Event "Asia-ch U20 Girls"]
[Site "New Delhi"]
[Date "2016.05.06"]
[Round "4"]
[White "Ananya, Suresh"]
[Black "Harshita, Guddanti"]
[Result "1/2-1/2"]
[WhiteElo "1902"]
[BlackElo "2052"]
[PlyCount "60"]
[EventDate "2016.05.04"]
[EventType "swiss"]
[EventRounds "9"]
[EventCountry "IND"]
[SourceTitle "CBM 172 Extra"]
[Source "ChessBase"]
[SourceDate "2016.06.21"]
[SourceVersion "1"]
[SourceVersionDate "2016.06.21"]
[SourceQuality "1"]

1. e4 c5 2. Nf3 d6 3. d4 cxd4 4. Nxd4 Nf6 5. Nc3 g6 6. Be3 Bg7 7. f3 0-0 8. Qd2 Nc6 9. 0-0-0 d5 10. Qe1 e5 11. Nxc6 bxc6 12. exd5 Nxd5 13. Bc4 Be6 14. Bc5 Qg5+ 15. Kb1 Nxc3+ 16. Qxc3 e4 17. Bd4 Bxd4 18. Qxd4 Bxc4 19. Qxc4 Qxg2 20. fxe4 Rad8 21. Rdg1 Qd2 22. Qxc6 Rc8 23. Qa4 Rb8 24. Qc4 Rfc8 25. Qd3 Qb4 26. b3 Rc3 27. Qd5 Rc5 28. Qd3 Rc3 29. Qd5 Rc5 30. Qd3 Rc3 1/2-1/2

[Event "IND-ch U17 Girls"]
[Site "Bengaluru"]
[Date "2015.10.05"]
[Round "4"]
[White "Ananya, Suresh"]
[Black "Varshini, Veileven"]
[Result "0-1"]
[WhiteElo "1971"]
[BlackElo "2105"]
[PlyCount "108"]
[EventDate "2015.10.03"]
[EventType "swiss"]
[EventRounds "11"]
[EventCountry "IND"]
[SourceTitle "CBM 168 Extra"]
[Source "ChessBase"]
[SourceDate "2015.10.29"]
[SourceVersion "1"]
[SourceVersionDate "2015.10.29"]
[SourceQuality "1"]

1. e4 c5 2. Nf3 d6 3. d4 cxd4 4. Nxd4 Nf6 5. Nc3 a6 6. Be2 e6 7. Be3 Be7 8. 0-0 Qc7 9. Kh1 b5 10. a3 Bb7 11. Bd3 Nbd7 12. f4 0-0 13. Qf3 Nc5 14. Qh3 Ncxe4 15. Nxe4 Nxe4 16. Nxe6 Qc8 17. Ng5 Qxh3 18. Nxh3 Bf6 19. c3 Rfe8 20. Rae1 Bh4 21. Bxe4 Bxe4 22. Bf2 Bf6 23. Ng5 Bb7 24. Rxe8+ Rxe8 25. Re1 Rxe1+ 26. Bxe1 h6 27. Nh3 Kf8 28. Nf2 h5 29. Kg1 Ke7 30. g4 Ke6 31. Kf1 Bd8 32. g5 Kd5 33. Ke2 Kc4 34. Nd1 Kb3 35. Bf2 g6 36. Bd4 Bd5 37. c4 Bxc4+ 38. Ke3 Ba5 39. Nc3 d5 40. f5 Bc7 41. fxg6 fxg6 42. h3 Kc2 43. Kf3 Kd3 44. Bf6 Bb3 45. Kf2 Bb6+ 46. Ke1 Be3 47. Ne2 d4 48. Ng3 Kc2 49. Nf1 Bc1 50. Bxd4 Bxb2 51. Ne3+ Kb1 52. Bc5 Ka2 53. Kd2 Bxa3 54. Bd4 a5 0-1

[Event "IND-ch U15 Girls"]
[Site "Jammu"]
[Date "2015.09.28"]
[Round "10"]
[White "Ananya, Suresh"]
[Black "Vantika, Agrawal"]
[Result "1/2-1/2"]
[WhiteElo "1971"]
[BlackElo "2032"]
[PlyCount "175"]
[EventDate "2015.09.21"]
[EventType "swiss"]
[EventRounds "11"]
[EventCountry "IND"]
[SourceTitle "EXT 2016"]
[Source "ChessBase"]
[SourceDate "2015.10.08"]
[SourceVersion "1"]
[SourceVersionDate "2015.10.08"]
[SourceQuality "1"]

1. e4 c5 2. Nf3 Nc6 3. d4 cxd4 4. Nxd4 Nf6 5. Nc3 e5 6. Ndb5 d6 7. Bg5 a6 8. Na3 b5 9. Nd5 Be7 10. Bxf6 Bxf6 11. c3 Bg5 12. Nc2 0-0 13. a4 bxa4 14. Rxa4 a5 15. Bc4 Bd7 16. Ra2 a4 17. Ndb4 Na5 18. Bd5 Rc8 19. 0-0 Kh8 20. Qe2 Qb6 21. Qh5 f6 22. Bf7 Qb7 23. Bg6 Bh6 24. Bf5 Nc4 25. Rfa1 Bxf5 26. Qxf5 Nb6 27. Rd1 Rcd8 28. Nd5 Nxd5 29. exd5 Qb3 30. Rda1 Qxd5 31. Rxa4 Rb8 32. Nb4 Qd2 33. R4a2 d5 34. Qd3 Qxd3 35. Nxd3 e4 36. Nb4 Rbd8 37. Rd1 e3 38. Kf1 exf2 39. Kxf2 Bf4 40. g3 Bc7 41. Nxd5 h6 42. b4 Bb6+ 43. Kf3 Kh7 44. c4 f5 45. c5 Bc7 46. b5 f4 47. g4 h5 48. h3 Bb8 49. Ra8 Rfe8 50. c6 Bc7 51. Rxd8 Rxd8 52. Nxc7 Rxd1 53. b6 g5 54. b7 Rd3+ 55. Kf2 Rb3 56. Na6 Rb2+ 57. Kf3 Rb3+ 58. Ke4 f3 59. c7 f2 60. c8Q f1Q 61. Qd7+ Kh8 62. Qe8+ Kg7 63. Qe7+ Kh8 64. Qe5+ Kh7 65. Qc7+ Kh6 66. Qd6+ Kh7 67. Qe7+ Kh8 68. Qd8+ Kh7 69. Qd7+ Kh8 70. Qd4+ Kh7 71. b8Q Rxb8 72. Nxb8 Qf4+ 73. Kd5 Qxb8 74. Qe4+ Kg7 75. Qe5+ Qxe5+ 76. Kxe5 hxg4 77. hxg4 Kg6 78. Ke6 Kg7 79. Kf5 Kf7 80. Kxg5 Kg7 81. Kf5 Kf7 82. g5 Kg7 83. Kg4 Kg6 84. Kh4 Kg7 85. Kh5 Kh7 86. g6+ Kg7 87. Kg5 Kg8 88. Kf5 1/2-1/2

[Event "IND-ch U15 Girls"]
[Site "Jammu"]
[Date "2015.09.26"]
[Round "8"]
[White "Ananya, Suresh"]
[Black "Tejaswini, Sagar"]
[Result "1/2-1/2"]
[WhiteElo "1971"]
[BlackElo "2002"]
[PlyCount "55"]
[EventDate "2015.09.21"]
[EventType "swiss"]
[EventRounds "11"]
[EventCountry "IND"]
[SourceTitle "EXT 2016"]
[Source "ChessBase"]
[SourceDate "2015.10.08"]
[SourceVersion "1"]
[SourceVersionDate "2015.10.08"]
[SourceQuality "1"]

1. b3 e5 2. Bb2 Nc6 3. e3 Nf6 4. c4 d5 5. cxd5 Nxd5 6. a3 a6 7. Qc2 Be6 8. Nf3 f6 9. Be2 Qd7 10. d3 Be7 11. Nc3 Nxc3 12. Bxc3 Qd5 13. b4 0-0 14. 0-0 Rfd8 15. d4 e4 16. Nd2 f5 17. Rfd1 Bf7 18. Qb2 Bf6 19. g3 Qd7 20. Nb3 b6 21. a4 Qd6 22. Nd2 Ne7 23. a5 Nd5 24. axb6 Qxb6 25. Ra5 Rdb8 26. Bc4 Qxa5 27. bxa5 Rxb2 28. Bxb2 1/2-1/2

[Event "IND-ch Challengers 53rd"]
[Site "Nagpur"]
[Date "2015.08.17"]
[Round "1"]
[White "Ananya, Suresh"]
[Black "Karthikeyan, Murali"]
[Result "0-1"]
[WhiteElo "1956"]
[BlackElo "2510"]
[PlyCount "100"]
[EventDate "2015.08.17"]
[EventType "swiss"]
[EventRounds "13"]
[EventCountry "IND"]
[SourceTitle "EXT 2016"]
[Source "ChessBase"]
[SourceDate "2015.10.08"]
[SourceVersion "1"]
[SourceVersionDate "2015.10.08"]
[SourceQuality "1"]

1. e4 c5 2. Nf3 e6 3. d4 cxd4 4. Nxd4 a6 5. Nc3 Qc7 6. Be2 Nf6 7. 0-0 Bb4 8. Bg5 Nc6 9. Bxf6 gxf6 10. Nxc6 bxc6 11. Qd4 Be7 12. Kh1 h5 13. f4 h4 14. h3 Bb7 15. e5 c5 16. Qe3 Rg8 17. Bf3 0-0-0 18. Bxb7+ Qxb7 19. Qe4 f5 20. Qxb7+ Kxb7 21. Ne2 d6 22. Rad1 Kc6 23. c4 a5 24. exd6 Bxd6 25. Rf3 Bc7 26. Rfd3 Rb8 27. b3 a4 28. Rf3 Rb7 29. Rdd3 Ra8 30. Rde3 axb3 31. axb3 Ra2 32. Kh2 Rb8 33. Kg1 Rd8 34. g4 hxg3 35. Nxg3 Rd1+ 36. Nf1 Rd4 37. Rf2 Rxf2 38. Kxf2 Bxf4 39. Rf3 Kd6 40. Ng3 Bg5 41. Ne2 Rd2 42. Ke1 Rb2 43. Kd1 Ke5 44. Rg3 Kf6 45. Nc3 f4 46. Ne4+ Ke5 47. Rxg5+ Kxe4 48. Rxc5 f3 49. Ke1 f2+ 50. Kf1 Kf3 0-1

[Event "IND-ch U19 Girls"]
[Site "Dindigul"]
[Date "2015.07.28"]
[Round "8"]
[White "Mahalakshmi, Muganda Kumar"]
[Black "Ananya, Suresh"]
[Result "1-0"]
[WhiteElo "2149"]
[BlackElo "1891"]
[PlyCount "69"]
[EventDate "2015.07.23"]
[EventType "swiss"]
[EventRounds "11"]
[EventCountry "IND"]
[SourceTitle "EXT 2016"]
[Source "ChessBase"]
[SourceDate "2015.10.08"]
[SourceVersion "1"]
[SourceVersionDate "2015.10.08"]
[SourceQuality "1"]

1. Nf3 Nf6 2. g3 g6 3. Bg2 Bg7 4. d4 0-0 5. c4 d6 6. Nc3 Nc6 7. 0-0 e5 8. d5 Ne7 9. e4 a5 10. h3 Ne8 11. Bg5 h6 12. Be3 f5 13. Qd2 Kh7 14. Nh2 Nf6 15. Rae1 Nh5 16. exf5 gxf5 17. Qd1 Qe8 18. Nb5 Qg6 19. Nxc7 Rb8 20. Ba7 Bd7 21. Bxb8 Rxb8 22. Nb5 Rc8 23. Nxd6 Qxd6 24. Qxh5 Rxc4 25. Rc1 Rd4 26. Nf3 Rb4 27. Ng5+ Kg8 28. Qf7+ Kh8 29. Ne6 Bxe6 30. dxe6 b6 31. Rfd1 Rd4 32. Rxd4 exd4 33. Qe8+ Kh7 34. Qd7 Be5 35. f4 1-0

[Event "IND-ch U19 Girls"]
[Site "Dindigul"]
[Date "2015.07.27"]
[Round "7"]
[White "Ananya, Suresh"]
[Black "Chitlange, Sakshi"]
[Result "1/2-1/2"]
[WhiteElo "1891"]
[BlackElo "1989"]
[PlyCount "69"]
[EventDate "2015.07.23"]
[EventType "swiss"]
[EventRounds "11"]
[EventCountry "IND"]
[SourceTitle "EXT 2016"]
[Source "ChessBase"]
[SourceDate "2015.10.08"]
[SourceVersion "1"]
[SourceVersionDate "2015.10.08"]
[SourceQuality "1"]

1. e4 c6 2. d4 d5 3. Nc3 dxe4 4. Nxe4 Nd7 5. Nf3 Ngf6 6. Ng3 e6 7. Bd3 Bd6 8. 0-0 Qc7 9. c3 b6 10. Qe2 0-0 11. Bg5 Bb7 12. Ne4 Be7 13. Nfd2 Rfe8 14. f4 c5 15. dxc5 Nxe4 16. Nxe4 Nxc5 17. Bxe7 Qxe7 18. Ng5 h6 19. Nf3 Nxd3 20. Qxd3 Rad8 21. Qe2 Bxf3 22. Rxf3 Qd6 23. Raf1 Qd2 24. Qxd2 Rxd2 25. R3f2 Red8 26. Rxd2 Rxd2 27. Rf2 Rd1+ 28. Rf1 Rd3 29. Rf2 Kf8 30. Kf1 Ke7 31. Ke2 Rd5 32. Ke3 Rh5 33. g3 f6 34. b4 Rd5 35. Rd2 1/2-1/2

[Event "IND-ch U15 Girls"]
[Site "Thrissur"]
[Date "2014.08.08"]
[Round "7"]
[White "Ananya, Suresh"]
[Black "Sunyuktha, CMN"]
[Result "1/2-1/2"]
[WhiteElo "1821"]
[BlackElo "1704"]
[PlyCount "63"]
[EventDate "2014.08.04"]
[EventType "swiss"]
[EventRounds "11"]
[EventCountry "IND"]
[SourceTitle "CBM 162 Extra"]
[Source "ChessBase"]
[SourceDate "2014.10.17"]
[SourceVersion "1"]
[SourceVersionDate "2014.10.17"]
[SourceQuality "1"]

1. e4 c5 2. Nf3 d6 3. d4 cxd4 4. Nxd4 Nf6 5. Nc3 g6 6. Be3 Bg7 7. f3 0-0 8. Qd2 Nc6 9. 0-0-0 Nxd4 10. Bxd4 Be6 11. g4 Qa5 12. a3 Rab8 13. h4 b5 14. Nd5 Qxd2+ 15. Rxd2 Bxd5 16. exd5 a5 17. b3 Rfc8 18. Kb1 Rc7 19. h5 Nd7 20. Bxg7 Kxg7 21. g5 Nf8 22. f4 Rc3 23. Bd3 Rc5 24. hxg6 fxg6 25. Be4 a4 26. b4 Rc4 27. Re1 Nd7 28. f5 Ne5 29. fxg6 hxg6 30. Rh2 Rh8 31. Rxh8 Kxh8 32. Bd3 1/2-1/2

[Event "Wch U14 Girls"]
[Site "Al Ain"]
[Date "2013.12.22"]
[Round "6"]
[White "Stanimirovic, Ivana"]
[Black "Ananya, Suresh"]
[Result "0-1"]
[WhiteElo "1592"]
[BlackElo "1840"]
[PlyCount "46"]
[EventDate "2013.12.18"]
[EventType "swiss"]
[EventRounds "11"]
[EventCountry "UAE"]
[SourceTitle "CBM 158 Extra"]
[Source "ChessBase"]
[SourceDate "2014.02.28"]
[SourceVersion "1"]
[SourceVersionDate "2014.02.28"]
[SourceQuality "1"]

1. d4 Nf6 2. c4 g6 3. Nc3 Bg7 4. Nf3 0-0 5. e4 d6 6. Be2 Nc6 7. h3 e5 8. dxe5 dxe5 9. Qxd8 Nxd8 10. 0-0 c6 11. Be3 Nd7 12. Ne1 Ne6 13. Rc1 Nd4 14. b4 a5 15. b5 Nc5 16. f3 Be6 17. Nc2 Nxe2+ 18. Nxe2 Nd3 19. Rb1 Bxc4 20. bxc6 bxc6 21. a4 Rfc8 22. Rfd1 Nb4 23. Rd2 Nxc2 0-1

[Event "IND-ch U13 Girls"]
[Site "Puducherry"]
[Date "2013.07.08"]
[Round "11"]
[White "Ananya, Suresh"]
[Black "Harshini, A."]
[Result "1-0"]
[WhiteElo "1835"]
[BlackElo "1612"]
[PlyCount "137"]
[EventDate "2013.06.30"]
[EventType "swiss"]
[EventRounds "11"]
[EventCountry "IND"]
[SourceTitle "EXT 2014"]
[Source "ChessBase"]
[SourceDate "2013.11.20"]
[SourceVersion "1"]
[SourceVersionDate "2013.11.20"]
[SourceQuality "1"]

1. e4 e5 2. Nf3 Nc6 3. Bb5 a6 4. Ba4 Nf6 5. 0-0 Nxe4 6. d4 b5 7. Bb3 d5 8. dxe5 Be6 9. Be3 Bc5 10. Bxc5 Nxc5 11. Nc3 d4 12. Ne2 Bxb3 13. axb3 Ne6 14. Qd3 0-0 15. Qe4 Qd7 16. Rfd1 Nc5 17. Qh4 Rfe8 18. Qh5 Qe7 19. Nexd4 Nxe5 20. Nxe5 Qxe5 21. Qxe5 Rxe5 22. Nxb5 Nxb3 23. Nxc7 Nxa1 24. Nxa8 Re8 25. Rxa1 Rxa8 26. g3 Kf8 27. b4 Rb8 28. c3 Rb6 29. f4 Ke7 30. Kf2 f6 31. Ke3 g5 32. fxg5 fxg5 33. Kd4 Kd7 34. Ra5 h6 35. Rd5+ Ke6 36. Rd8 Ke7 37. Ra8 Kd7 38. Ra7+ Kc6 39. c4 Rxb4 40. Rxa6+ Kc7 41. Rxh6 Rb2 42. Kc5 Rd2 43. Rh7+ Kc8 44. Kc6 Kb8 45. c5 g4 46. Rh8+ Ka7 47. Kc7 Rf2 48. Rh7 Rf8 49. c6 Rg8 50. Kd7 Kb8 51. Re7 Rc8 52. Re8 Rxe8 53. Kxe8 Kc7 54. Ke7 Kxc6 55. Ke6 Kc7 56. Kf5 Kd6 57. Kxg4 Ke6 58. Kh5 Kf7 59. Kh6 Kg8 60. Kg6 Kh8 61. h4 Kg8 62. g4 Kh8 63. g5 Kg8 64. Kf6 Kh8 65. g6 Kg8 66. g7 Kh7 67. Kf7 Kh6 68. g8Q Kh5 69. Qg5# 1-0